Atlantide : viaggio alla ricerca della bellezza /
Salvato in:
| Autore principale: | |
|---|---|
| Altri autori: | |
| Natura: | Libro |
| Lingua: | italiano |
| Pubblicazione: |
Milano :
Feltrinelli,
2019
|
| Serie: | Fuochi
|
| Soggetti: | |
| Tags: |
Nessun Tag, puoi essere il primo ad aggiungerne!!
|
MARC
| LEADER | 00000nam a22000007i 4500 | ||
|---|---|---|---|
| 001 | IT\ICCU\LO1\1743503 | ||
| 003 | ItRI | ||
| 005 | 20250909190241.0 | ||
| 008 | 190401s2019 it |||||| |||||0|||||c | ||
| 020 | |a 9788807070488 | ||
| 040 | |b ita |c Arcigay Viterbo | ||
| 041 | 7 | |a ita |2 ISO-639-2 | |
| 082 | |a 720 |2 23 | ||
| 100 | 1 | |a Piano, Carlo |0 IT\ICCU\VEAV\481059 | |
| 240 | 1 | 0 | |a Atlantide |9 Piano, Carlo |
| 245 | 1 | 0 | |a Atlantide : |b viaggio alla ricerca della bellezza / |c Carlo e Renzo Piano. |
| 260 | |a Milano : |b Feltrinelli, |c 2019 | ||
| 300 | |a 295 p. ; |c 23 cm | ||
| 650 | 7 | |a Architettura |x Teorie | |
| 650 | 7 | |a Viaggi per mare |x Diari e memorie |2 scbi | |
| 650 | 7 | |a Atlantide |x Miti | |
| 700 | 1 | |a Piano, Renzo |0 IT\ICCU\CFIV\036116 | |
| 830 | 0 | |a Fuochi |0 IT\ICCU\PAV\0073977 | |
| 942 | |2 ddc |c BK | ||
| 952 | |0 0 |1 0 |2 ddc |4 0 |6 720_000000000000000_PIA_ATL |7 0 |9 9591 |a VT |b VT |d 2025-09-09 |e Dono di Lorenzo Abbate |i B20 |l 0 |o 720 PIA ATL |p B20 |r 2025-09-09 18:38:00 |w 2025-09-09 |x Dedica autografa |y BK | ||
| 981 | 1 | |6 z01 |a i |b xxxe | |
| 982 | 1 | |6 z01 |a n | |
| 999 | |c 8004 |d 8004 | ||